Арабская хрестоматия. Т. 1$90: Т. 1 (Запись № 3633745)

Подробности
000 -МАРКЕР
контрольное поле 01154nam2a22002411 4500
001 - ИДЕНТИФИКАТОР ЗАПИСИ
контрольное поле v19\rc\1219209
005 - ИДЕНТИФИКАТОР ВЕРСИИ
контрольное поле 20250617222805.0
035 ## - ДРУГИЕ СИСТЕМНЫЕ НОМЕРА
Идентификатор записи (NLR Aleph) 004381605
100 ## - ДАННЫЕ ОБЩЕЙ ОБРАБОТКИ
Данные общей обработки 20060306d1875 |||y0rusy50 ca
101 0# - ЯЗЫК РЕСУРСА
Язык текста, звукозаписи и т.д. русский
102 ## - СТРАНА ПУБЛИКАЦИИ ИЛИ ПРОИЗВОДСТВА
Страна публикации Российская Федерация
105 ## - ПОЛЕ КОДИРОВАННЫХ ДАННЫХ: ТЕКСТОВЫЕ МАТЕРИАЛЫ, МОНОГРАФИЧЕСКИЕ
Кодированные данные о монографическом текстовом документе y z |||||
200 0# - ЗАГЛАВИЕ И СВЕДЕНИЯ ОБ ОТВЕТСТВЕННОСТИ
Основное заглавие Т. 1
210 ## - ПУБЛИКАЦИЯ, РАСПРОСТРАНЕНИЕ И ДР.
Дата издания, распространения и т.д. 1875
Место издания, распространения и т.д. Б. м.
215 ## - ФИЗИЧЕСКАЯ ХАРАКТЕРИСТИКА
Специфическое обозначение материала и объем [2], 352 с. старо-араб. паг.
461 #0 - УРОВЕНЬ НАБОРА
Встроенное поле 001v19\rc\1219208
-- 2001#$aАрабская хрестоматия$fСост. экстраорд. проф. В.Ф. Гиргас и доц. бар. В.Р. Розен. Вып. 1-2$vТ. 1$90
-- 700#1$aГиргас$bВ. Ф.$f1835-1887$gВладимир Федорович$3RU\NLR\AUTH\770273943$4220
Системный номер (АБИС) связанной записи 3633736
Автор Гиргас, В.Ф. (1835-1887)
Место публикации Санкт-Петербург
Дата публикации 1875-1876
Первые сведения об ответственности Сост. экстраорд. проф. В.Ф. Гиргас и доц. бар. В.Р. Розен. Вып. 1-2
Имя издателя, распространителя и т.д. тип. Имп. Акад. наук
Физическая характеристика 2 т.
Заглавие Арабская хрестоматия
Номер тома Т. 1$90
801 #0 - ИСТОЧНИК ЗАПИСИ
Страна Российская Федерация
Организация NLR
Правила каталогизации psbo
801 #1 - ИСТОЧНИК ЗАПИСИ
Страна Российская Федерация
Организация ProSoft-M
Источник данных rusmarc
852 ## - МЕСТОНАХОЖДЕНИЕ И ШИФР ХРАНЕНИЯ
Идентификатор организации NLR
Наименование фонда или коллекции (Sub-Location Identifier) К
Шифр хранения (Call Number) р I-4865
942 ## - ДОПОЛНИТЕЛЬНЫЕ ЭЛЕМЕНТЫ ЗАПИСИ (АБИС)
Тип экземпляра АБИС Книга
980 ## - КОЛЛЕКЦИЯ
Название коллекции Национальная библиография
Экземпляры
Тип экземпляра Дата поступления Библиотека постоянного хранения Библиотека текущего хранения Место хранения Шифр хранения Штрих-код Статус экземпляра
Книга 11.04.2025 РНБ (Московский) РНБ (Московский) Фонд литературы на языках стран Азии и Африки ОЛСАА-араб 4-324 ERR-354124  
Книга 26.10.2013 РНБ (Садовая) РНБ (Садовая) Фонд картографических изданий К р I-4865 4381605-10